000 00295nam a22001337a 4500
008 180131b xxu||||| |||| 00| 0 eng d
020 _a610349001
041 _aeng
080 _a338
100 _a54
101 _aMNG
245 _aA Statistics Primer for Management
_cClark
942 _2udc
_cBK
999 _c41321
_d41321